[Event "2021(3)"]
[Site "http://www.queenalice.com/game.php?id=1758236"]
[Date "2021.5.2"]
[Round "-"]
[White "shady66"]
[Black "Football_rules"]
[Result "0-1"]
[WhiteElo "1596"]
[BlackElo "1724"]

1. e4 e5 2. a3 d6 3. h3 a6 4. Bc4 Nf6 5. Nc3 c6 6. Ba2 Nbd7 7. d3 h6 8. Be3 Be7
9. Nf3 d5 10. exd5 cxd5 11. Nxd5 Nxd5 12. Bxd5 Bd6 13. Qd2 Nf6 14. Ba2 O-O 15.
b4 Re8 16. O-O e4 17. Ne1 Be6 18. Bxe6 fxe6 19. c4 Bc7 20. Qc3 Qd6 21. g3 Rad8
22. Bf4 e5 23. Be3 Kh8 24. d4 exd4 25. Bxd4 Nh5 26. Kg2 Qg6 27. g4 Nf4+ 28. Kh1
Ne6 29. Be5 Bxe5 30. Qxe5 Ng5 31. Qg3 Rf8 32. Nc2 Qc6 33. Ne3 Rf3 34. Qh4 Rxh3+
35. Qxh3 Nxh3 36. Kg2 Nf4+ 37. Kg3 Ne2+ 38. Kg2 Rd6 39. Rfe1 Nf4+ 40. Kg3 Nd3
41. Red1 Qc7 42. Ra2 Rg6+ 43. f4 Qxf4+ 44. Kh3 Qxe3+ 45. Kh4 Qg5+ 46. Kh3 Qxg4+
47. Kh2 Qxd1 48. c5 Qb3 49. Re2 Qd5 50. Re3 Qh5+ 51. Rh3 Qe2+ 52. Kh1 Qg2# 0-1

[Event "2021(4)"]
[Site "http://www.queenalice.com/game.php?id=1758237"]
[Date "2021.5.2"]
[Round "-"]
[White "Football_rules"]
[Black "shady66"]
[Result "1-0"]
[WhiteElo "1671"]
[BlackElo "1610"]

1. e4 e5 2. Nf3 d6 3. h3 h6 4. a3 Be6 5. Nc3 a6 6. d3 Be7 7. Bd2 Bf6 8. Be2 Nc6
9. Be3 b6 10. Qd2 Nge7 11. d4 exd4 12. Nxd4 Qd7 13. Bf3 Ne5 14. Bh5 N7c6 15. O-O
Nc4 16. Qc1 g6 17. Be2 N4e5 18. Bxh6 O-O-O 19. Bxa6+ Kb8 20. Bb5 Kb7 21. Bf4 Ra8
22. Bxe5 Bxe5 23. Bxc6+ Qxc6 24. Nxc6 Kxc6 25. Qe3 Bg7 26. b4 Bc4 27. Rfe1 b5
28. Qf3 Be5 29. Red1 Rh7 30. Qe3 Bf6 31. e5 Bxe5 32. Qe4+ Kd7 33. Qxa8 Bxc3 34.
Qa6 Bxa1 35. Rxa1 Rh8 36. a4 Rb8 37. axb5 Bxb5 38. Qa2 Ke7 39. Qa5 Kd7 40. Rd1
Rb6 41. Re1 f5 42. Qa8 c6 43. Qe8+ Kc7 44. Re7# 1-0

[Event "Challenge"]
[Site "http://www.queenalice.com/game.php?id=1761449"]
[Date "2021.6.5"]
[Round "-"]
[White "Vin100"]
[Black "shady66"]
[Result "0-1"]
[WhiteElo "1607"]
[BlackElo "1585"]

1. e4 e5 2. Nf3 Nc6 3. c3 a6 4. d3 h6 5. b4 d6 6. Be3 Nf6 7. Be2 Ng4 8. O-O Nxe3
9. fxe3 Be7 10. Nbd2 Be6 11. Qa4 Qd7 12. d4 Na7 13. Qxd7+ Bxd7 14. d5 Bb5 15. c4
Ba4 16. g3 c6 17. Bd1 Bxd1 18. Raxd1 O-O 19. a4 Rac8 20. h4 f6 21. Nb3 Rfd8 22.
g4 cxd5 23. exd5 Rxc4 24. b5 Rxg4+ 25. Kh2 Rxa4 26. b6 Nb5 27. Rc1 f5 28. Rg1 e4
29. Nfd2 Bxh4 30. Nc4 Bf6 31. Nba5 Rd7 32. Rcf1 Kf7 33. Rf2 g6 34. Kh3 Nc3 35.
Nb3 Nxd5 36. Nba5 Bg5 37. Re2 Nc3 38. Rc2 Nd5 39. Re1 Kf6 40. Kg2 h5 41. Kf2 Bh6
42. Rd2 Ke6 43. Rg1 Ne7 44. Rdd1 d5 45. Nb3 dxc4 46. Nc5+ Kf7 47. Nxd7 Ra2+ 48.
Kg3 Bxe3 49. Rg2 Ra3 50. Rb2 Bxb6+ 51. Kf4 Bc7+ 52. Kg5 b5 53. Rbb1 Rg3+ 54. Kh6
Kg8 55. Nf6+ Kf7 56. Nd5 Nxd5 57. Rxd5 Bf4+ 58. Kh7 e3 59. Re1 Rg2 60. Ra1 Rd2
61. Rd1 c3 62. R1xd2 cxd2 63. Rd4 Bg5 0-1

[Event "Challenge"]
[Site "http://www.queenalice.com/game.php?id=1761450"]
[Date "2021.6.5"]
[Round "-"]
[White "shady66"]
[Black "Vin100"]
[Result "0-1"]
[WhiteElo "1602"]
[BlackElo "1602"]

1. e4 e5 2. Nf3 d6 3. h3 Nf6 4. d3 Bd7 5. b3 Be7 6. a4 O-O 7. Nc3 c6 8. Be2 Na6
9. Na2 c5 10. c4 Qb6 11. Bd2 Nc7 12. Nc3 Bc6 13. O-O Nd7 14. Bg5 Bf6 15. Ra3 Qb4
16. Nb1 Ne6 17. Bd2 Qb6 18. a5 Qc7 19. b4 a6 20. Nc3 cxb4 21. Nd5 Bxd5 22. Ra4
Bc6 23. Rxb4 Rab8 24. Rb2 Ndc5 25. Qb1 Na4 26. Rb3 b5 27. Rc1 Nac5 28. Ra3 bxc4
29. Qa2 Rb3 30. Rxb3 cxb3 31. Qa3 Rb8 32. Bb4 g6 33. Nd2 Nd4 34. Bd1 Bg5 35. Rb1
Bxd2 36. Bxd2 Nxd3 37. Bxb3 Nxb3 38. Rxb3 Rxb3 39. Qxb3 Bxe4 40. f3 Nc5 41. Qc4
Bd3 42. Qd5 Bb5 43. Qa8+ Kg7 44. Qd5 h6 45. g4 Bc6 46. Qc4 Bxf3 47. Kf2 Bb7 48.
Kg1 g5 49. Kh2 d5 50. Qf1 d4 51. Qf2 e4+ 52. Kg1 e3 53. Bxe3 dxe3 54. Qxe3 Qxa5
55. Qd4+ f6 56. Kf2 Qa2+ 57. Ke3 Qb3+ 58. Kd2 Ne4+ 59. Ke2 Bc6 60. Qa7+ Qb7 61.
Qd4 Qb5+ 62. Ke3 Qb3+ 63. Qd3 Qxd3+ 64. Kxd3 Nf2+ 0-1

[Event "2021 (5)"]
[Site "http://www.queenalice.com/game.php?id=1763341"]
[Date "2021.6.29"]
[Round "-"]
[White "shady66"]
[Black "Football_rules"]
[Result "0-1"]
[WhiteElo "1586"]
[BlackElo "1699"]

1. e4 e5 2. Nf3 d6 3. h3 a6 4. c4 h6 5. d3 Nc6 6. Bd2 g5 7. Nh2 Nd4 8. Bc3 Bd7
9. Bxd4 exd4 10. Be2 Nf6 11. b3 Qe7 12. Nd2 Bc6 13. a4 O-O-O 14. Ndf3 Bg7 15.
Nxd4 Bxe4 16. dxe4 Nxe4 17. Nf5 Qf6 18. Nxg7 Qxg7 19. f3 Ng3 20. Rg1 Rhe8 21.
Ra2 Nf5 22. Kf2 Qe5 23. Ng4 Qc5+ 24. Kf1 Ng3+ 25. Ke1 Qxg1+ 26. Kd2 Qxg2 27. Kc1
Nxe2+ 28. Rxe2 Rxe2 29. Nxh6 Rde8 30. Nxf7 Re1 31. Qxe1 Rxe1# 0-1

[Event "2021 (6)"]
[Site "http://www.queenalice.com/game.php?id=1763342"]
[Date "2021.6.29"]
[Round "-"]
[White "Football_rules"]
[Black "shady66"]
[Result "1-0"]
[WhiteElo "1722"]
[BlackElo "1575"]

1. e4 e5 2. Nf3 Nc6 3. a3 a6 4. d3 h6 5. Be3 Nf6 6. h3 d5 7. exd5 Nxd5 8. Qd2
Be7 9. Be2 Bf5 10. Nc3 Nxc3 11. bxc3 Bh7 12. O-O O-O 13. Bxh6 gxh6 14. Qxh6 Bf6
15. Rad1 Bg7 16. Qe3 Qe7 17. Rfe1 b6 18. Rd2 Rad8 19. Bd1 Rd6 20. Rde2 Re6 21.
Qc1 Qf6 22. Ng5 Bh6 23. h4 Rfe8 24. Re3 Bxg5 25. hxg5 Qxg5 26. Rg3 Qxg3 27. fxg3
f6 28. Bg4 R6e7 29. Qd1 Rg7 30. Qf3 Nb8 31. Qxf6 e4 32. Bh5 Rf8 33. Qe6+ Kh8 34.
Qe5 exd3 35. cxd3 Bxd3 36. Rd1 Nc6 37. Qd5 Bb5 38. c4 Ba4 39. Re1 Na5 40. g4 Bc6
41. Qd2 Kh7 42. c5 Nc4 43. Qd3+ Kh6 44. Qxc4 b5 45. Qe6+ 1-0

[Event "Challenge"]
[Site "http://www.queenalice.com/game.php?id=1775214"]
[Date "2021.11.19"]
[Round "-"]
[White "shady66"]
[Black "Football_rules"]
[Result "1-0"]
[WhiteElo "1590"]
[BlackElo "1557"]

1. e4 e5 2. c4 Bc5 3. Qe2 d6 4. h3 Nf6 5. d3 h6 6. a3 Nc6 7. Be3 Bxe3 8. Qxe3
Nd4 9. Qd2 Nb3 10. Qb4 Nxa1 11. Qc3 O-O 12. Be2 Bd7 13. Nf3 Qc8 14. Nbd2 a6 15.
b4 Nh5 16. Qxa1 Nf4 17. g3 Nxh3 18. Nh4 Bg4 19. Ndf3 Qe6 20. Nf5 Bxf5 21. exf5
Qxf5 22. Qc1 Rae8 23. Qe3 1-0

[Event "Challenge"]
[Site "http://www.queenalice.com/game.php?id=1775215"]
[Date "2021.11.19"]
[Round "-"]
[White "Football_rules"]
[Black "shady66"]
[Result "0-1"]
[WhiteElo "1573"]
[BlackElo "1574"]

1. e4 e5 2. Nf3 Nc6 3. a3 h6 4. h3 a6 5. d3 d6 6. Nc3 Be6 7. Be3 Be7 8. Be2 b6
9. d4 exd4 10. Nxd4 Nxd4 11. Qxd4 Bf6 12. Qd2 c5 13. b3 Bg5 14. f4 Bh4+ 15. Kd1
Bg3 16. f5 Bd7 17. Nd5 Bc6 18. f6 Nxf6 19. Nxf6+ Qxf6 20. Rc1 Bxe4 21. Bc4 b5
22. Rf1 Qe5 0-1

[Event "Escorpión"]
[Site "http://www.queenalice.com/game.php?id=1776417"]
[Date "2021.12.7"]
[Round "3"]
[White "shady66"]
[Black "francisc059"]
[Result "0-1"]
[WhiteElo "1566"]
[BlackElo "2024"]

1. e4 e5 2. Bc4 Nf6 3. Qf3 c6 4. a3 d5 5. Ba2 Bg4 6. Qg3 d4 7. Qxe5+ Be7 8. d3
O-O 9. h3 Bc8 10. Bd2 Re8 11. Qg3 Bd6 12. Bf4 Nh5 13. Qg5 Nxf4 14. Qxd8 Rxd8 15.
Kf1 Be6 16. Bxe6 Nxe6 17. Ne2 Nd7 18. g3 Ne5 19. Kg2 a5 20. c3 dxc3 21. Nexc3
Nxd3 22. b3 Be5 23. a4 Nb4 24. Ra3 Bxc3 25. Nxc3 Rd3 26. Ne2 Nc2 27. Ra2 Nb4 28.
Rb2 Rad8 29. h4 Rd2 30. Rxd2 Rxd2 31. Nc3 Nd3 32. Rf1 Nd4 33. Nb1 Rb2 34. Na3
Rxb3 35. Nc4 b6 36. Rd1 Rb4 37. Nxb6 Rxb6 38. Rxd3 Rb4 39. Rc3 Rxa4 40. Rc5 Ra2
41. e5 Kf8 42. Rc4 Rd2 43. g4 Ke7 44. g5 Ke6 45. Rc5 a4 46. Kg3 a3 47. Ra5 a2
48. f4 Nb3 0-1

[Event "thbn"]
[Site "http://www.queenalice.com/game.php?id=1780574"]
[Date "2022.1.16"]
[Round "1"]
[White "shady66"]
[Black "maxchessbr"]
[Result "0-1"]
[WhiteElo "1564"]
[BlackElo "1901"]

1. e4 c5 2. d4 cxd4 3. Qxd4 Nc6 4. Qe3 d6 5. h3 g6 6. Bd2 Bg7 7. Bc3 Nf6 8. Nd2
O-O 9. Bc4 a6 10. a3 b5 11. Ba2 e5 12. Bd5 Nxd5 13. exd5 Ne7 14. Qe4 Bb7 15.
O-O-O Bxd5 16. Qg4 Be6 17. Qe2 Rc8 18. Ne4 Nd5 19. g4 Nxc3 20. Nxc3 d5 21. f3
Qd6 22. Rd3 Qc5 23. Ne4 dxe4 24. fxe4 Bc4 25. Qe3 Bxd3 26. Qxc5 Rxc5 27. Rh2
Bxe4 28. c3 Bh6+ 29. Kd1 Rd8+ 30. Ke1 Rcd5 31. Ne2 Rd2 32. Kf1 Be3 0-1

[Event "Escorpión"]
[Site "http://www.queenalice.com/game.php?id=1781754"]
[Date "2022.1.30"]
[Round "4"]
[White "shady66"]
[Black "Carlos19"]
[Result "1-0"]
[WhiteElo "1561"]
[BlackElo "1498"]

1. e4 e5 2. Bc4 Nf6 3. Nc3 Bc5 4. Qf3 d6 5. h3 a6 6. Nd5 O-O 7. d3 Be6 8. Nxf6+
Qxf6 9. Qxf6 gxf6 10. Bxe6 fxe6 11. Bh6 Rf7 12. g4 Nc6 13. c3 d5 14. f3 d4 15.
Ne2 Rd7 16. O-O-O b5 17. h4 b4 18. c4 a5 19. Kd2 a4 20. Nc1 a3 21. b3 Kf7 22. h5
Rg8 23. Rhg1 Ne7 24. Ne2 f5 25. g5 f4 26. Rg2 Rh8 27. Ng1 Ng8 28. g6+ hxg6 29.
hxg6+ Kf6 30. Bg5+ Kg7 31. Ne2 Kxg6 32. Be7+ Kf7 33. Bxc5 Nf6 34. Bxb4 Rh3 35.
Ng1 Rh8 36. Bc5 Rg8 37. Rxg8 Kxg8 38. b4 c6 39. Rb1 Rb7 40. Rb3 Nh5 41. Rxa3 Ng3
42. Ke1 Rh7 43. Ra8+ Kf7 44. Ra7+ Kg6 45. Rxh7 Kxh7 46. a4 Nh5 47. a5 Nf6 48. a6
Nd7 49. Bd6 Nb6 50. a7 Kg6 51. Bc7 Na8 52. Bxe5 Kg5 53. Nh3+ Kh4 54. Nxf4 Kg3
55. Ke2 Nb6 56. Bxd4 Na8 57. Nxe6 Kh2 58. f4 Kg2 59. f5 Kg3 60. f6 1-0

[Event "Escorpión"]
[Site "http://www.queenalice.com/game.php?id=1785242"]
[Date "2022.3.20"]
[Round "5"]
[White "Archer"]
[Black "shady66"]
[Result "1-0"]
[WhiteElo "1739"]
[BlackElo "1605"]

1. e4 Nc6 2. b3 e5 3. Bb5 Qf6 4. Bxc6 Qxc6 5. d3 h6 6. Nf3 d6 7. Bb2 Be7 8. Nbd2
b5 9. a4 a5 10. axb5 Qxb5 11. c4 Qb7 12. O-O c5 13. Bc3 Bd8 14. h3 Bd7 15. Nh2
Nf6 16. Ra2 g6 17. Qf3 Qc7 18. Nb1 Nh5 19. Ng4 Nf4 20. b4 a4 21. b5 Be6 22. Nd2
Qe7 23. Rfa1 h5 24. Ne3 Qg5 25. Kf1 Nxd3 26. Rxa4 Rxa4 27. Rxa4 O-O 28. Ra6 Bc7
29. Nd5 Nf4 30. Nxc7 Bxh3 31. gxh3 Qe7 32. Nd5 Nxd5 33. cxd5 Rb8 34. b6 Qb7 35.
Ra7 Qxa7 36. bxa7 Ra8 37. Qf6 Rxa7 38. Qxd6 Ra3 39. Qxc5 Ra4 40. Bxe5 Ra8 41.
Qc6 Rd8 42. Qf6 Kf8 43. Qxd8# 1-0

[Event "thbn"]
[Site "http://www.queenalice.com/game.php?id=1785950"]
[Date "2022.3.30"]
[Round "2"]
[White "PaulMSains"]
[Black "shady66"]
[Result "1-0"]
[WhiteElo "2017"]
[BlackElo "1616"]

1. e4 e5 2. Nf3 d6 3. h3 a6 4. Bc4 Qf6 5. d4 Nc6 6. Bg5 Qg6 7. Bd3 h6 8. Be3 Bd7
9. O-O Be7 10. Nc3 f5 11. dxe5 Nxe5 12. Nxe5 dxe5 13. Qf3 f4 14. Bd2 Bc6 15. Nd5
Bd6 16. c4 Nf6 17. Nxf6+ Qxf6 18. b4 b6 19. a3 O-O 20. b5 Bd7 21. a4 a5 22. Rac1
Bc5 23. Bc3 Rae8 24. Rfd1 Re7 25. Be2 Qg5 26. Rd5 Rfe8 27. Qh5 c6 28. Qxg5 hxg5
29. Re1 g6 30. Rd3 Kf7 31. Kf1 Kf6 32. g3 Bxh3+ 33. Kg1 cxb5 34. gxf4 gxf4 35.
Rxh3 Rd8 36. axb5 Bd4 37. Bxd4 Rxd4 38. Bd3 a4 39. Ra1 Ra7 40. Ra3 Ra8 41. Rh7
Rd6 42. Rc7 g5 43. c5 bxc5 44. Rxc5 Rb6 45. Rc6+ Rxc6 46. bxc6 Ke7 47. Bb5 Kd8
48. Rxa4 Rxa4 49. Bxa4 g4 50. Kg2 Kc7 51. f3 g3 52. Kh3 Kd6 53. Bb5 Kc7 54. Bf1
Kxc6 55. Kg4 Kc5 56. Kf5 Kd6 57. Bg2 1-0

[Event "Retraiteactive"]
[Site "http://www.queenalice.com/game.php?id=1788371"]
[Date "2022.5.6"]
[Round "2"]
[White "Jsc"]
[Black "shady66"]
[Result "1-0"]
[WhiteElo "1900"]
[BlackElo "1614"]

1. e4 e5 2. Nf3 d6 3. Bc4 Qf6 4. Nc3 a6 5. Nd5 Qd8 6. a4 Nf6 7. Nc3 h6 8. h3 Nc6
9. O-O Qe7 10. Be2 Be6 11. d4 exd4 12. Nxd4 Nxd4 13. Qxd4 c5 14. Qd3 b6 15. Bf3
Ra7 16. Bf4 g5 17. Bh2 Nd7 18. Rfe1 Bg7 19. Bxd6 Qd8 20. Rad1 Bd4 21. e5 Qc8 22.
b3 Nxe5 23. Bxe5 Bxe5 24. Rxe5 O-O 25. Qe4 Re7 26. Rd6 Qc7 27. Rc6 Qd8 28. Be2
a5 29. Bd3 f5 30. Qe3 Rf6 31. Rcxe6 Rfxe6 32. Rxe6 Kf8 33. Rxe7 Qxe7 34. Qxe7+
Kxe7 35. Nd5+ Ke6 36. Nxb6 f4 37. Nc4 Kd7 38. Nxa5 Kc7 39. f3 Kb6 40. Nc4+ Ka6
41. Ne5+ Ka5 42. Nd7 Kb4 43. Kf2 h5 44. Ke2 h4 45. Ne5 Kc3 46. a5 Kb4 47. a6 Ka5
48. a7 1-0

[Event "Retraiteactive"]
[Site "http://www.queenalice.com/game.php?id=1789843"]
[Date "2022.5.30"]
[Round "3"]
[White "naugard47"]
[Black "shady66"]
[Result "0-1"]
[WhiteElo "1748"]
[BlackElo "1609"]

1. e4 e5 2. Bc4 Qf6 3. Nf3 Bc5 4. O-O a6 5. Nc3 c6 6. d3 h6 7. a3 Ne7 8. b4 Ba7
9. Be3 d6 10. h3 Be6 11. a4 Bxc4 12. dxc4 Bxe3 13. fxe3 Qe6 14. c5 dxc5 15. bxc5
a5 16. Qc1 Na6 17. Qa3 O-O 18. Rfd1 Nb4 19. Qb2 f6 20. Rd6 Qc4 21. Re1 Qxc5 22.
Rd7 Rab8 23. Nh4 Kh7 24. Kh2 Ng6 25. Nf5 Rg8 26. Red1 b6 27. Qa1 Nxc2 28. Qc1
Na3 29. R1d3 Nc4 30. g3 b5 31. h4 h5 32. Kh3 Nb6 33. R7d6 Nxa4 34. g4 b4 35.
gxh5 Nf8 36. Qa1 Nxc3 37. Qc1 Qb6 38. Ne7 Rh8 39. Rxc6 Qb7 40. Rcxc3 bxc3 41.
Qa3 Qb4 42. Qxb4 axb4 43. Rd1 Ne6 44. Rc1 Kh6 45. Kg4 Rb7 46. Nf5+ Kh7 47. Nd6
Rd7 48. Nb5 Rd3 49. Kf5 Nc5 50. Nxc3 bxc3 0-1

[Event "Retraiteactive"]
[Site "http://www.queenalice.com/game.php?id=1791649"]
[Date "2022.6.28"]
[Round "4"]
[White "shady66"]
[Black "Fauquinelle"]
[Result "0-1"]
[WhiteElo "1631"]
[BlackElo "1912"]

1. e4 e5 2. Bc4 Nf6 3. Nc3 Nxe4 4. Nxe4 d5 5. Bb3 dxe4 6. Qe2 Bd6 7. Qxe4 O-O 8.
h3 Bd7 9. d3 Bc6 10. Qg4 Re8 11. Bh6 Bf8 12. O-O-O Qe7 13. f3 Bd7 14. Qg3 Qf6
15. Bg5 Qg6 16. h4 h6 17. Nh3 Be7 18. Qxe5 Bxg5+ 19. Qxg5 hxg5 20. Nxg5 Be6 21.
Nxe6 Rxe6 22. g4 Re7 23. g5 Nd7 24. a3 c6 25. f4 a5 26. h5 Qf5 27. Rh4 a4 28.
Ba2 g6 29. h6 Kh7 30. Kd2 f6 31. Rg1 Rae8 32. Kc3 Qc5+ 33. Bc4 b5 34. Rg3 f5 35.
d4 Qxc4+ 36. Kd2 Re2+ 0-1

[Event "Challenge"]
[Site "http://www.queenalice.com/game.php?id=1837140"]
[Date "2024.5.19"]
[Round "-"]
[White "Leanne"]
[Black "shady66"]
[Result "1-0"]
[WhiteElo "1411"]
[BlackElo "1656"]

1. c4 c6 2. e3 e5 3. Nc3 Nf6 4. Nf3 d6 5. Be2 h6 6. O-O Bf5 7. e4 Bh7 8. d4 Nbd7
9. dxe5 Nxe5 10. Qa4 a6 11. Qd1 Be7 12. Nd4 Qd7 13. Nf5 Bxf5 14. exf5 Qxf5 15.
h3 Rd8 16. g4 Qe6 17. f4 Nxc4 18. f5 Qe5 19. Bxc4 Qg3+ 20. Kh1 d5 21. Re1 Qxh3+
22. Kg1 dxc4 23. Rxe7+ Kxe7 24. Qe2+ Kd7 25. Bf4 Rhe8 26. Rd1+ Kc8 27. Rxd8+
Rxd8 28. Qe5 Qxg4+ 29. Bg3 Nd7 30. Qc7# 1-0

[Event "Challenge"]
[Site "http://www.queenalice.com/game.php?id=1837141"]
[Date "2024.5.19"]
[Round "-"]
[White "shady66"]
[Black "Leanne"]
[Result "1-0"]
[WhiteElo "1649"]
[BlackElo "1418"]

1. e4 e6 2. a3 d5 3. e5 Nc6 4. d4 f6 5. Bf4 Bd7 6. b4 fxe5 7. Bxe5 Nxe5 8. dxe5
Qg5 9. Nf3 Qh5 10. c3 O-O-O 11. Be2 Qf5 12. Bd3 Qg4 13. O-O Ne7 14. Nbd2 Ng6 15.
Bxg6 Qxg6 16. Nb3 Ba4 17. Nfd4 c5 18. Nf3 cxb4 19. axb4 Bb5 20. Rxa7 Bxf1 21.
Kxf1 Rd7 22. Nc5 Rf7 23. Nd4 Bxc5 24. Ra8+ Kd7 25. Rxh8 Kc7 26. bxc5 Qe4 27. Qe2
Rf4 28. Nxe6+ 1-0

[Event "2A"]
[Site "http://www.queenalice.com/game.php?id=1840712"]
[Date "2024.7.23"]
[Round "-"]
[White "Kn1ght1962"]
[Black "shady66"]
[Result "1-0"]
[WhiteElo "1716"]
[BlackElo "1626"]

1. e4 e5 2. Nf3 Nc6 3. a3 Nf6 4. d3 h6 5. Be3 Ng4 6. Qd2 b6 7. Nc3 d6 8. h3 Nxe3
9. Qxe3 Be7 10. h4 Be6 11. Be2 Qd7 12. Nd5 Bg4 13. d4 exd4 14. Nxd4 Nxd4 15.
Qxd4 Bf6 16. Nxf6+ gxf6 17. Qxf6 Rh7 18. Bd3 Qe6 19. Qc3 c5 20. Bb5+ Ke7 21. f3
Bh5 22. O-O-O f6 23. Rhe1 Rg7 24. Bc6 Rb8 25. Bd5 Qe5 26. Qe3 Qg3 27. Qxh6 Bf7
28. Kb1 Qxg2 29. Rg1 Qxg1 30. Rxg1 Rxg1+ 31. Ka2 Rbg8 32. Qe3 Rh1 33. Qh6 Rg3
34. Qh7 1-0